Statistics for Indiana Pacers: Leading Scorer Every Year

Click here to take the quiz!

General Stats

  • This quiz has been taken 122 times
    (18 since last reset)
  • The average score is 29 of 54

Answer Stats

YearPlayerAverage% Correct
1991-1992Reggie Miller20.7
92%
1992-1993Reggie Miller21.2
92%
1990-1991Reggie Miller22.6
92%
1989-1990Reggie Miller24.6
92%
1993-1994Reggie Miller19.9
92%
1995-1996Reggie Miller21.1
92%
1996-1997Reggie Miller21.6
92%
1997-1998Reggie Miller19.5
92%
1998-1999Reggie Miller18.4
92%
2018-2019Victor Oladipo18.8
83%
2017-2018Victor Oladipo23.1
83%
2016-2017Paul George23.7
75%
2015-2016Paul George23.1
75%
2001-2002Jermaine O'Neal19.0
75%
2013-2014Paul George21.7
75%
2012-2013Paul George17.4
75%
2002-2003Jermaine O'Neal20.8
75%
2003-2004Jermaine O'Neal20.1
75%
2005-2006Jermaine O'Neal20.1
75%
2006-2007Jermaine O'Neal19.4
75%
2009-2010Danny Granger24.1
67%
2008-2009Danny Granger25.8
67%
2011-2012Danny Granger18.7
67%
2010-2011Danny Granger20.5
67%
2007-2008Danny Granger19.6
67%
2020-2021*Malcolm Brogdon21.2
58%
2019-2020T.J. Warren19.8
50%
1988-1989Chuck Person21.6
42%
1986-1987Chuck Person18.8
42%
2014-2015George Hill16.1
42%
1979-1980Mickey Johnson19.1
42%
2004-2005Ron Artest24.6
42%
1987-1988Chuck Person17.0
42%
1985-1986Herb Williams19.9
33%
1981-1982Johnny Davis17.0
33%
1978-1979Johnny Davis18.3
33%
1974-1975George McGinnis29.8
33%
1973-1974George McGinnis25.9
33%
1972-1973George McGinnis27.6
33%
1969-1970Roger Brown23.0
33%
1967-1968Freddie Lewis20.6
25%
2000-2001Jalen Rose20.5
25%
1999-2000Jalen Rose18.2
25%
1984-1985Clark Kellogg18.6
25%
1983-1984Clark Kellogg19.1
25%
1982-1983Clark Kellogg20.1
25%
1980-1981Billy Knight17.5
25%
1976-1977Billy Knight26.6
25%
1975-1976Billy Knight28.1
25%
1968-1969Mel Daniels24.0
17%
1971-1972Mel Daniels19.2
17%
1970-1971Mel Daniels21.0
17%
1977-1978Adrian Dantley26.5
0%
1994-1995Reggie Miller19.6
0%

Score Distribution

Percentile by Number Answered

Percent of People with Each Score

Your Score History

You have not taken this quiz since the last reset